000 00558nam a2200193Ia 4500
003 IN-BaIIA
008 211028s9999 xx 000 0 eng d
020 _a0-460-04384-6
040 _cIIA Library
080 _a524.35
_bCLA
100 _aClark, David
_911941
245 0 _aSuperstars
_cDavid Clark
260 _aLondon
_bJ. M. Dent & Sons
_c1979
300 _axiv, 175p.
650 _aAstronomy and astrophysics thesaurus
650 _aSupergiant stracts
_911942
650 _aSupernovae
_91357
942 _cBK
999 _c6972
_d6972